000 00283nam a2200109Ia 4500
008 190906s9999||||xx |||||||||||||| ||und||
100 _a McCubbrey
245 0 _aManagement Information Systems for the Information Age
260 _aLondon
_bAddison
_c2002
300 _a440
942 _cBK
999 _c6082
_d6082